Historia del almirante don Cristóbal Colón por su hijo don Hernando

Guardat en:
Dades bibliogràfiques
Autor principal: Colón, Hernando (Autor)
Format: Llibre
Idioma:espanyol
Publicat: Madrid Victoriano Suarez 1932
Col·lecció:Colección de Libros Raros o Curiosos que Tratan de América. Primera serie, 5
Matèries:
Etiquetes: Afegir etiqueta
Sense etiquetes, Sigues el primer a etiquetar aquest registre!

MARC

LEADER 00000nam a2200000 a 4500
001 UCO2755
003 CL-VaPUC
008 000608e19320000SP |||||||||||||||||spa|d
082 0 4 |a 923.9  |b COL  |2 21 
100 0 |a Colón, Hernando  |e author  |9 446348 
245 1 0 |a Historia del almirante don Cristóbal Colón por su hijo don Hernando 
300 |a 2 v 
942 |c BK 
945 |d 20000608 00:00:00  |a rherrera 
260 |a Madrid  |b Victoriano Suarez  |c 1932 
600 0 7 |a COLON, CRISTOBAL  |2 CL-VaPUC  |9 265189 
650 0 |a Biografías  |9 255210 
650 7 |a EXPLORADORES  |2 CL-VaPUC  |9 314661 
650 0 |a Marinos   |9 323609 
650 0 |a Historia de Europa   |9 376266 
650 0 |a Viajes y descubrimientos  |9 446349 
583 |a last modification  |c 20160817 01:09:25  |k Rodrigo Vera 
490 0 |a Colección de Libros Raros o Curiosos que Tratan de América. Primera serie, 5 
999 |c 289251  |d 289249 
952 |0 0  |1 0  |4 0  |6 923_900000000000000_COL_1932  |7 0  |8 X  |9 337496  |a BIBHIS  |b BIBHIS  |d 2019-11-20  |h v.1  |i 1286803  |o 923.9 COL 1932  |p 1286803  |r 2024-01-30  |w 2019-11-20  |y BK_X  |k HIS 
952 |0 0  |1 0  |4 0  |6 923_900000000000000_COL_1932  |7 0  |8 X  |9 337497  |a BIBHIS  |b BIBHIS  |d 2019-11-20  |h v.2  |i 1286811  |o 923.9 COL 1932  |p 1286811  |r 2024-01-30  |w 2019-11-20  |y BK_X  |k HIS